Normal view
MARC view
- Personas homosexuales
Entry Materia
001 - NÚMERO DE CONTROL DEL REGISTRO
- campo de control: 24811
003 - IDENTIFICADOR DE NUMERO DE CONTROL
- campo de control: MX-MxUPN
005 - FECHA Y HORA DE LA ÚLTIMA TRANSACCIÓN
- campo de control: 20250808123711.0
008 - DATOS DE LONGITUD FIJA
- campo de control de longitud fija: 250808n| fcnnnbabn | ana |d
035 ## - NÚMERO DE CONTROL DEL SISTEMA
- Número de control del sistema: UPN10000024820
040 ## - FUENTE DE LA CATALOGACIÓN
- Centro catalogador de origen: MX-MxUPN
- Lengua de catalogación: spa
- Agencia de transcripción: MX-MxUPN
150 ## - ENCABEZAMIENTO - TEMÁTICO
- Término de materia o nombre geográfico como elemento inicial: Personas homosexuales
- Subdivisión de materia general: Situación legal, leyes, etc.
- Subdivisión geográfica: México
670 ## - FUENTE EN LA QUE SE LOCALIZARON DATOS
- Cita de la fuente: LC
- Información localizada: Gay rigths - Mexico
902 ## - CATALOGADOR
- Catalogador: MCM/270616
